|
|
|
|
| LEADER |
00000nmm a22000007a 4500 |
| 001 |
044985 |
| 003 |
UAHC_CL |
| 005 |
20260422131435.0 |
| 008 |
251203s2024 cl o d 000 spa d |
| 040 |
|
|
|a UAHC_CL
|c UAHC_CL
|d UAHC_CL
|
| 100 |
|
|
|a Farías Campos, Danae
|9 23343
|
| 245 |
1 |
0 |
|a Con la fuerza del fuelle :
|b el rol de las mujeres acordeonistas en la escena de Santiago de Chile
|c Danae Farías ; profesor guía Juan Núñez Olguín.
|
| 260 |
|
|
|a Santiago, Chile :
|b Universidad Academia de Humanismo Cristiano,
|c 2024.
|
| 300 |
|
|
|a 73 páginas.
|
| 500 |
|
|
|a Tesis para optar al grado de Licenciado/a en Música y al título de Intérprete Musical.
|
| 502 |
|
|
|a Tesis (Licenciatura en Música) -- Universidad Academia de Humanismo Cristiano, 2024.
|
| 520 |
|
|
|a La investigación que se propone hacer en esta tesis se da debido a experiencias personales que he vivido como mujer acordeonista en la escena de Santiago de Chile. Mi primer acercamiento al acordeón fue a mis 14 años el año 2014 tras escuchar a una niña de cuarto básico, por lo que quedé enamorada del instrumento, de cómo se sentía, como sonaba, como lucía; el año 2015 decidí profesionalizarme en el instrumento por lo que entusiasmada me matriculé en el Conservatorio Nacional de Acordeón con el maestro Ignacio Hernández, donde los profesores y la directiva muchas veces fue compuesta en su mayoría por hombres cisgénero. La mayor parte de mi estadía ahí fue muchas veces siendo la única mujer del salón de clases, donde curiosamente ese patrón se repetía en distintas generaciones. Constantemente buscaba referentes del instrumento, y rápidamente pude notar que los referentes mundiales del acordeón en su mayoría son hombres (sin desmerecerlos, solo mencionando el hecho), por otra parte, buscando inspiración en acordeonistas nacionales, pude darme cuenta que se repetía el escenario
|
| 650 |
|
0 |
|a Mujeres
|z Chile
|v Relatos personales
|9 7143
|
| 650 |
|
0 |
|a Mujeres en música
|9 14689
|
| 650 |
|
0 |
|a Mujeres en música
|9 14689
|
| 700 |
|
|
|a Núñez Olguín, Juan
|9 19491
|e profesor guía
|
| 900 |
|
|
|a TLMUS 41
|
| 942 |
|
|
|c TS
|2 ddc
|
| 952 |
|
|
|0 0
|1 0
|2 ddc
|4 0
|6 TLMUS_41_000000000000000
|7 0
|9 101538
|a BC
|b BC
|c Digital
|d 2025-12-03
|l 0
|o TLMUS 41
|r 2025-12-03 10:40:00
|w 2025-12-03
|y TS
|z Documento en PDF
|B IMUS
|
| 999 |
|
|
|c 63222
|d 63222
|